| 000 | 02435nam a2200337 i 4500 | ||
|---|---|---|---|
| 003 | DO-SdBNP | ||
| 005 | 20250813093228.0 | ||
| 007 | ta | ||
| 008 | 250813b2025 dr co||| |||| 001 0 spa d | ||
| 020 | _a9789945629545 | ||
| 040 |
_aDO-SdBNP _bspa _cBNPHU _erda |
||
| 041 | _aspa | ||
| 082 |
_axxx _bT913 _222 |
||
| 100 | 1 |
_aTueni, Emely _eautora _4aut. _930255 |
|
| 245 | 1 | 0 |
_aDetalles de mi vida / _cEmely Tueni ; prólogo, Rafael L. Solano |
| 250 | _aPrimera edición | ||
| 264 | 4 |
_aSanto Domingo : _bBanco Central, _c©2025. |
|
| 300 |
_a295 Páginas : _bretratos, fotografías _c23 cm. |
||
| 336 |
_atexto _btxt _2rdacontent |
||
| 337 |
_asin mediación _bn _2rdamedia |
||
| 338 |
_avolumen _bnc _2rdacarrier |
||
| 490 | 1 |
_aBanco Central de la República Dominicana _v325 |
|
| 490 | 1 |
_aArte y Literatura _v124 |
|
| 500 | _aIncluye datos biografícos de la autora en las solapas. | ||
| 500 | _aIncluye índice onomástico. | ||
| 520 | _aCreo que resulta muy modesto el título Detalles de mi vida, que la conocida periodista Emely Tueni Brinz ha escogido para titular su libro de memorias, ya que es algo más que la historia de los suyos, una familia de inmigrantes libaneses a la República Dominicana durante los años cuarenta del siglo pasado. Con una prosa muy propia de quien ha ejercido durante largo tiempo el oficio de cronista, la autora narra el proceso de llegada de los Tueni al país, su aclimatación a nuestra idiosincrasia y luego su asentamiento como dominicanos de origen árabe, dedicados a los negocios, a través de pequeñas empresas en las que fueron hombres y mujeres prósperos. Las memorias de Emely Tueni poseen el encanto de quien ha vivido mucho, entre sueños y realidades palpables, y sabe contar lo que aprendió de cada experiencia para seguir adelante y crecer, en un ámbito urbano todavía medio aldeano, poblado de gente con aspiraciones de superación y valores compartidos, que hoy ella recuerda con nostalgia, solazándose en pormenores y anécdotas sobre figuras públicas admirables. Pero sobre todo su vida íntima, la adoración por sus parientes, su matrimonio con el comunicador y periodista Federico Astwood (1944-1998), con su segundo esposo, el gran artista plástico Iván Tovar (1942-2020), y los frutos del amor compartido. | ||
| 590 | _aInventariado, 2025/ YL | ||
| 700 | 1 |
_aSolano, Rafael L _eprologuista _4pr. _985685 |
|
| 910 | _aYlockward | ||
| 942 |
_2ddc _cLBS1 |
||
| 999 |
_c59782 _d59782 |
||